Niwi úmuke pari ayunnuga : (Registro nro. 11874)

000 -CABECERA
campo de control de longitud fija 01307nam a2200289 a 4500
001 - NÚMERO DE CONTROL
campo de control 000087292
005 - FECHA Y HORA DE LA ÚLTIMA TRANSACCIÓN
campo de control 20200120224942.0
008 - DATOS DE LONGITUD FIJA--INFORMACIÓN GENERAL
campo de control de longitud fija 190816s2017 ck a dr| |0| | spa d
020 ## - NÚMERO INTERNACIONAL ESTÁNDAR DEL LIBRO
Número Internacional Estándar del Libro 9789587850321
041 ## - CÓDIGO DE LENGUA
Código de lengua del texto/banda sonora o título independiente sai
Código de lengua original spa
043 ## - CÓDIGO DE ÁREA GEOGRÁFICA
Código de área geográfica s-ck---
090 ## - LOCALMENTE ASIGNADO TIPO-LC NÚMERO DE CLASIFICACIÓN (OCLC); NÚMERO DE CLASIFICACIÓN LOCAL (RLIN)
Número de clasificación (OCLC) (R) ; Numero de clasificación, CALL (RLIN) (NR) JC
Número cutter local (OCLC) ; Número de libro/Signatura topográfica íntegra, CALL (RLIN) NIWU
245 10 - MENCIÓN DE TÍTULO
Título Niwi úmuke pari ayunnuga :
Resto del título Contando desde la sierra : los niños arhuacos de Jewrwa cuentan para los niños de Colombia /
Mención de responsabilidad, etc. ilustraciones, alumnos del Centro Educativo Rural Indígena Seykutun de Jewrwa ; traducción, docentes del Centro Educativo Rural Indígena Seykutun de Jewrwa.
246 2# - FORMA VARIANTE DE TÍTULO
Título propio/Titulo breve Contando desde la sierra.
250 ## - MENCIÓN DE EDICIÓN
Mención de edición Edición Alberto Ramírez Santos.
260 ## - PUBLICACIÓN, DISTRIBUCIÓN, ETC.
Lugar de publicación, distribución, etc. Bogotá :
Nombre del editor, distribuidor, etc. Mineducación :
-- Mincultura,.
300 ## - DESCRIPCIÓN FÍSICA
Extensión 73 páginas. :
Otras características físicas ilusraciones en color.
490 #0 - MENCIÓN DE SERIE
Mención de serie Río de letras. Territorios narrados PNLE "Leer es mi cuento" ;
Designación de volumen o secuencia 7
490 0# - MENCIÓN DE SERIE
Mención de serie Leer es mi cuento. Plan Nacional de Lectura y Escritura
546 ## - NOTA DE LENGUA/LENGUAJE
Nota de lengua/lenguaje Texto en ikun (lengua indígena) y español
650 14 - PUNTO DE ACCESO ADICIONAL DE MATERIA--TÉRMINO DE MATERIA
Término de materia o nombre geográfico como elemento de entrada Literatura indígena colombiana
650 24 - PUNTO DE ACCESO ADICIONAL DE MATERIA--TÉRMINO DE MATERIA
Término de materia o nombre geográfico como elemento de entrada Leyendas indígenas colombianas
650 24 - PUNTO DE ACCESO ADICIONAL DE MATERIA--TÉRMINO DE MATERIA
Término de materia o nombre geográfico como elemento de entrada Cuentos indígenas colombianos
650 24 - PUNTO DE ACCESO ADICIONAL DE MATERIA--TÉRMINO DE MATERIA
Término de materia o nombre geográfico como elemento de entrada Arhuacos
Subdivisión general Vida social y costumbres
Subdivisión de forma Literatura juvenil
650 24 - PUNTO DE ACCESO ADICIONAL DE MATERIA--TÉRMINO DE MATERIA
Término de materia o nombre geográfico como elemento de entrada Animales en la literatura
710 1# - PUNTO DE ACCESO ADICIONAL--NOMBRE DE ENTIDAD CORPORATIVA
Nombre de entidad corporativa o nombre de jurisdicción como elemento de entrada Centro Educativo Rural Indígena Seykutun de Jewrwa
Existencias
Estado de retiro Estado de pérdida Fuente del sistema de clasificación o colocación Estado dañado No para préstamo Código de colección Localización permanente Ubicación/localización actual Fecha de adquisición Número de inventario Total de préstamos Signatura topográfica completa Código de barras Fecha visto por última vez Fecha del último préstamo Número de copia Precio válido a partir de Tipo de ítem Koha Nota pública
          Literatura Juvenil Biblioteca Pública San Juan Bosco Biblioteca Pública San Juan Bosco 20/01/2020 NT 1 JC NIWU MOS019792 09/09/2021 31/08/2021 ej.1 20/01/2020 Libro Literatura Quince días

© Todos los derechos reservados para la Biblioteca Pública Municipal San Juan Bosco, 2020
Secretaria de Cultura de Mosquera
Carrera 3 N° 10 Esquina Centro Cultural Barrio El Carmén Teléfono: 8270830 Ext: 34
Funcionando con KOHA
Contacto: Biblioteca Pública Municipal San Juan Bosco/ bibliotecasanjuanbosco@mosquera-cundinamarca.gov.co
Mosquera, Cundinamarca